000 00481nam a2200205Ia 4500
005 20230605142814.0
008 131103s9999 xx 000 0 und d
040 _aLoreto College
041 _aEnglish
082 _a824.91
_bBEL
100 _aBelloc, H.
245 _aFirst and last
_cH.Belloc
250 _a3rd.ed.
260 _aLondon
_bMethuen
_c1924
300 _a186p.
650 _aEnglish literature
651 _aEnglish essays
850 _aLCLIB
942 _cBK
999 _c22745
_d73224